000
00290nam a22001337a 4500
008
170424b xxu||||| |||| 00| 0 eng d
020
_a
9780815334804
041
_a
eng
080
_a
573
100
_a
11
101
_a
SHM
245
_a
ESSENTIAL CELL BIOLOGY
_c
BRAY.A
942
_2
udc
_c
BK
999
_c
11581
_d
11581